000 00759nam a2200181Ia 4500
008 100920s9999 xx 000 0 und d
082 _b83323
_a24 न 03
100 _aव्दिबेदी महावीरप्रसाद.
245 _aविचित्र जीव जंन्तु और वनस्पतीयाँ.
260 _bसंभावना प्रकाशन, हापुड.
_c2003
300 _a127
_bसाधी
365 _b125
520 _aसायो.
630 _aविचित्र जीव जंन्तु और वनस्पतीयाँ.
650 _aसायो.
730 _aविचित्र जीव जंन्तु और वनस्पतीयाँ.
942 _cBOOK
999 _c723957
_d723954